Normal view
MARC view
- Gudehus, G
Entry Personal Name
001 - CONTROL NUMBER
- control field: 7388
003 - CONTROL NUMBER IDENTIFIER
- control field: OSt
005 - DATE AND TIME OF LATEST TRANSACTION
- control field: 20250405161510.0
008 - FIXED-LENGTH DATA ELEMENTS
- fixed length control field: 250405|| aca||aabn | a|a d
040 ## - CATALOGING SOURCE
- Original cataloging agency: OSt
- Transcribing agency: OSt
100 ## - HEADING--PERSONAL NAME
- Personal name: Gudehus, G
670 ## - SOURCE DATA FOUND
- Source citation: Work cat.: (OSt)10396: Gudehus, G ., Constitutive relations for soils / , 1982.
